Obra completa / (Record no. 10630)

MARC details
000 -LEADER
campo de control de longitud fija 00922nam a2200253 i 4500
001 - NÚMERO DE CONTROL
campo de control 10630
003 - IDENTIFICADOR DE NÚMERO DE CONTROL
campo de control ES-MaACL
005 - FECHA Y HORA DE LA ÚLTIMA TRANSACCIÓN
campo de control 20250822055648.0
007 - CAMPO FIJO DE DESCRIPCIÓN FÍSICA--INFORMACIÓN GENERAL
campo de control de longitud fija t|
008 - DATOS DE LONGITUD FIJA--INFORMACIÓN GENERAL
campo de control de longitud fija 950222s1994 sp |||| | spa j
020 ## - NÚMERO INTERNACIONAL ESTÁNDAR DEL LIBRO
Número Internacional Estándar del Libro 84-239-5077-8
080 ## - NÚMERO DE LA CLASIFICACIÓN DECIMAL UNIVERSAL
Número de la Clasificación Decimal Universal 860-82"19"
100 1# - ENTRADA PRINCIPAL--NOMBRE DE PERSONA
Nombre de persona Buero Vallejo, Antonio,
Fechas asociadas al nombre 1916-2000
9 (RLIN) 32421
245 10 - MENCIÓN DEL TÍTULO
Título Obra completa /
Mención de responsabilidad, etc. Antonio Buero Vallejo ; edición crítica de Luis Iglesias Feijoo y Mariano de Paco.
260 ## - PUBLICACIÓN, DISTRIBUCIÓN, ETC.
Lugar de publicación, distribución, etc. Madrid :
Nombre del editor, distribuidor, etc. Espasa-Calpe,
Fecha de publicación, distribución, etc. D.L. 1994.
300 ## - DESCRIPCIÓN FÍSICA
Extensión 2 v. ;
Dimensiones 20 cm.
490 1# - MENCIÓN DE SERIE
Mención de serie Clásicos castellanos. Nueva serie
505 8# - NOTA DE CONTENIDO CON FORMATO
Nota de contenido con formato 1. Teatro 2. Poesía, narrativa, ensayos y artículos
700 1# - ENTRADA AGREGADA--NOMBRE PERSONAL
Nombre de persona Iglesias Feijoo, Luis.
9 (RLIN) 65110
700 1# - ENTRADA AGREGADA--NOMBRE PERSONAL
Nombre de persona Paco, Mariano de,
Fechas asociadas al nombre 1946-
9 (RLIN) 88157
830 00 - PUNTO DE ACCESO ADICIONAL DE SERIE-TÍTULO UNIFORME
Título uniforme Clásicos castellanos.
Nombre de parte o sección de la obra Nueva serie (Espasa-Calpe)
9 (RLIN) 178821
852 ## - LOCALIZACIÓN
Ubicación ES-MaACL
Número de control de estantería L-18017-18
Nota libre . - Dedicatoria autógrafa del autor
Holdings
Estatus retirado Estado de pérdida Fuente del sistema de clasificación o colocación Estado de daño No para préstamo Colección Biblioteca de origen Biblioteca actual Ubicación en estantería Fecha de adquisición Total de préstamos Signatura topográfica completa Código de barras Visto por última vez Precio de reemplazo Tipo de ítem Koha Nota pública
    Clasificación decimal universal     Libros con dedicatorias Biblioteca del Ateneo de Madrid Biblioteca del Ateneo de Madrid Depósito 2 17/01/2008   L-18017-18 1010842 23/02/2023 23/02/2023 Libro impreso Dedicatoria autógrafa del autor